|
|
|
|
| LEADER |
00000cam a2200000 7i4500 |
| 001 |
0000061072 |
| 005 |
20220105104207.0 |
| 008 |
160313 |
| 020 |
|
|
|a 9789673642168
|
| 090 |
0 |
0 |
|a JP
|b MAL
|
| 100 |
1 |
|
|a Harpreet Kaur
|
| 245 |
0 |
0 |
|a Pinocchio
|c Harpreet Kaur
|
| 260 |
|
|
|a Selangor :
|b Edukid Pub. Sdn. Bhd ,
|c 2015
|
| 300 |
|
|
|a 100pg. ;
|c 23cm.
|
| 490 |
1 |
|
|a Siri dongeng kanak - kanak
|
| 500 |
|
|
|a Children age 4-6 years old (yellow)
|
| 650 |
|
0 |
|a Folklore
|
| 999 |
|
|
|a 0001389353
|b Book
|c Children Collection
|e Cawangan AEON Kulaijaya
|
| 999 |
|
|
|a 0001389356
|b Book
|c Children Collection
|e Perbadanan Perpustakaan Awam Johor
|
| 999 |
|
|
|a 0001389357
|b Book
|c Children Collection
|e Perbadanan Perpustakaan Awam Johor
|
| 999 |
|
|
|a 0001392163
|b Book
|c Children Collection
|e Cawangan Batu Pahat
|
| 999 |
|
|
|a 0001392164
|b Book
|c Children Collection
|e Cawangan Bukit Gambir
|
| 999 |
|
|
|a 0001392165
|b Book
|c Children Collection
|e Cawangan Tangkak
|
| 999 |
|
|
|a 0001392166
|b Book
|c Children Collection
|e Cawangan Sri Merlong
|
| 999 |
|
|
|a 0001392167
|b Book
|c Children Collection
|e Cawangan Taman Sri Lambak
|
| 999 |
|
|
|a 0001392169
|b Book
|c Children Collection
|e Cawangan Bandar Tenggara
|
| 999 |
|
|
|a 0001392170
|b Book
|c Children Collection
|e Cawangan Mersing
|
| 999 |
|
|
|a 0001392171
|b Book
|c Children Collection
|e Cawangan Kota Tinggi
|
| 999 |
|
|
|a 0001392172
|b Book
|c Children Collection
|e Cawangan Tmn. Ungku Tun Aminah
|
| 999 |
|
|
|a 0001392173
|b Book
|c Children Collection
|e Cawangan Muar
|
| 999 |
|
|
|a 0001392174
|b Book
|c Children Collection
|e Cawangan Pontian
|
| 999 |
|
|
|a 0001392175
|b Book
|c Children Collection
|e Cawangan Taman Universiti
|
| 999 |
|
|
|a 0001392176
|b Book
|c Children Collection
|e Cawangan Bandar Penawar
|